Elments of microprocessors (Record no. 1697)

MARC details
000 -LEADER
fixed length control field 00437nam a2200157Ia 4500
008 - FIXED-LENGTH DATA ELEMENTS--GENERAL INFORMATION
fixed length control field 230312s9999||||xx |||||||||||||| ||und||
020 ## - INTERNATIONAL STANDARD BOOK NUMBER
International Standard Book Number 8184312466
082 ## - DEWEY DECIMAL CLASSIFICATION NUMBER
Classification number 61.38154
Item number GOD-E
100 ## - MAIN ENTRY--PERSONAL NAME
Personal name Godse, A.P.
245 #0 - TITLE STATEMENT
Title Elments of microprocessors
260 ## - PUBLICATION, DISTRIBUTION, ETC.
Name of publisher, distributor, etc. Technical
Place of publication, distribution, etc. Pune
Date of publication, distribution, etc. 2007
300 ## - PHYSICAL DESCRIPTION
Extent 872
546 ## - LANGUAGE NOTE
Language note Eng.
650 ## - SUBJECT ADDED ENTRY--TOPICAL TERM
Topical term or geographic name entry element Engineering
Form subdivision Assembly language programming, Interfacing the interrupt, Operating model
942 ## - ADDED ENTRY ELEMENTS (KOHA)
Koha item type BOOK
Holdings
Withdrawn status Lost status Source of classification or shelving scheme Damaged status Not for loan Home library Current library Date acquired Total Checkouts Full call number Barcode Date last seen Price effective from Koha item type
    Dewey Decimal Classification     Superior Information Resource Center (SIRC) Superior University- Main Campus Superior Information Resource Center (SIRC) Superior University- Main Campus 03/13/2023   61.38154 GOD-E 1707 03/13/2023 03/13/2023 BOOK

Powered by Koha